| 000 | 00721nam a2200229 u 4500 | ||
|---|---|---|---|
| 005 | 20210223131932.0 | ||
| 008 | 121114s2008 r 000 0 eng d | ||
| 020 | _a9788489662780 | ||
| 035 | _aUPN01000188577 | ||
| 049 | _aI | ||
| 050 | 4 |
_aTL147 _bL4.2 |
|
| 100 | 1 |
_aLedu, Stéphanie, _d1966- _932913 |
|
| 245 | 1 | 4 |
_aLos coches / _cStéphanie Ledu ; il. de Didier Balicevic ; tr. María Luisa Menéndez. |
| 260 |
_aBarcelona, Esp. : _bMolino, _c[2008]. |
||
| 300 |
_a29 p. : _bprincipalmente il. col. |
||
| 440 | 0 | _aMini report | |
| 534 |
_pTítulo orignal: _tLes voitures |
||
| 650 | 4 |
_aAUTOMOVILES - _vLITERATURA INFANTIL _921474 |
|
| 700 | 1 |
_aBalicevic, Didier, _eil. |
|
| 905 | _aInfantil | ||
| 999 |
_c160680 _d160680 |
||